000 01205cam a22003615a 4500
003 EG-ScBUE
005 20220920103136.0
008 091007r20092003enk f 000 0 eng d
020 _a9780194581813
020 _a0194581810 (Video)
040 _aEG-ScBUE
_beng
_erda
_cEG-ScBUE
_dEG-ScBUE
082 0 4 _a428.24
_bMUR
_222
100 1 _aMurphy, John,
_d1951 April 28-
_eauthor.
_98815
245 1 0 _aNew headway video,
_pPre-intermediate,
_pTeacher`s book /
_cJohn Murphy.
246 3 0 _aPre-intermediate
246 3 0 _aStudent`s book
250 _aReprinted edition.
264 1 _aOxford :
_bOxford University Press,
_c2009.
300 _a32 pages ;
_c28 cm
336 _2rdacontent
_atext
_btxt
336 _2rdacontent
_aspoken word
_bspw
337 _2rdamedia
_aunmediated
_bn
337 _2rdamedia
_avideo
_bv
338 _2rdacarrier
_avolume
_bnc
338 _2rdacarrier
_avideodisc
_bvd
490 0 _aOxford English video
650 7 _aEnglish language
_vTextbooks for foreign speakers.
_2BUEsh
_943
650 7 _aEnglish language
_xGrammar
_vProblems, exercises, etc.
_2BUEsh
_93028
651 _2BUEsh
653 _bHHUUEENN
_cSeptember2022
655 _vReading book
_934232
942 _2ddc
_cTR
999 _c29933
_d29904